00430nam a2200157Ia 45000010006000000050017000060080041000230410008000640820017000721000033000892450097001222600009002193000028002286500008002566540008002642466920260414151059.0260414t2016||||xx |||||||||||||| ||spa|| aESP a345.721bM28 aMatheus López, CarloseAUT 0aLa independencia e imparcialidad del árbitro en el arbitraje doméstico e internacionalb c2016 a315 páginas :c20 cm. aDER aCDE